000 00861nam a2200241 a 4500
001 000048376
003 DO-SdBNP
005 20220805102503.0
007 ta
008 190218s2016 dr 000 0 spa d
020 _a9789945585261
040 _aDO-SdBNP
_bspa
_cBNPHU
082 _a347.013
_bR426p, 2016
110 1 _aRepública Dominicana
_bPoder Judicial
_bDirección de Familia, Niñez, Adolescentes y Genero del Poder Judicial.
_975790
245 1 0 _aPolítica de igualdad para las personas con discapacidad :
_bPoder Judicial de la República Dominicana
260 _aSanto Domingo, :
_bPoder Judicial,
_c2016.
300 _a45 p. ;
_c22 cm.
590 _aInventariado, 2022/ DG
650 4 _aIncapacitados físicamente
_zRepública Dominicana
_975791
650 4 _aDerechos humanos
_zRepública Dominicana
_912374
910 _aDG
942 _2ddc
_cLF2
999 _c52271
_d52271